00414nam a2200157Ia 4500003000400000008004100004040001600045082001300061100002000074245006200094260004200156300000800198650001500206650001200221650002300233GCL140319s9999 xx 000 0 eng d aGCL / cGCL04a863bD V1 aDELIBES, MIGUEL10aVIEJAS HISTORIAS DE CASTILLA LA VIEJA / cDELIBES, MIGUEL a[S.N] : bALIANZA EDITORIAL ، c1987 a15204aLITERATURE04aFICTION04aSPANISH LITERATURE